Station and camp life in the Bheel country. (Record no. 2224)

MARC details
000 -LEADER
fixed length control field 00915cam a22002651 4500
001 - CONTROL NUMBER
control field 1729843
003 - CONTROL NUMBER IDENTIFIER
control field GBCCL
005 - DATE AND TIME OF LATEST TRANSACTION
control field 20241126110423.0
008 - FIXED-LENGTH DATA ELEMENTS--GENERAL INFORMATION
fixed length control field 871116s1906 nikabc 000 0 eng d
035 ## - SYSTEM CONTROL NUMBER
System control number (OCoLC)ocn683805546
035 ## - SYSTEM CONTROL NUMBER
System control number 1729843
040 ## - CATALOGING SOURCE
Original cataloging agency WAU
Transcribing agency WAU
Modifying agency YUS
043 ## -
-- a-ii---
049 ## -
-- YUTI
082 ## - DEWEY DECIMAL CLASSIFICATION NUMBER
Classification number 266.2354
Item number BLA
099 ## - LOCAL FREE-TEXT CALL NUMBER (OCLC)
Classification number MT80
-- PE
-- B575s
100 1# - MAIN ENTRY--PERSONAL NAME
Personal name Blair, G. W.
9 (RLIN) 3778
245 10 - TITLE STATEMENT
Title Station and camp life in the Bheel country.
Remainder of title A brief history of the origin, aims, and operations of the Irish Presbyterian Jungle tribes' mission, with an account of the Bheels: their manners, customs, religion, etc.
Statement of responsibility, etc. Introd. by Geo. P. Taylor.
260 ## - PUBLICATION, DISTRIBUTION, ETC.
Place of publication, distribution, etc. Belfast,
Name of publisher, distributor, etc. Graham & Heslip,
Date of publication, distribution, etc. 1906.
300 ## - PHYSICAL DESCRIPTION
Extent 128 p.
Other physical details illus., ports., map.
650 #0 - SUBJECT ADDED ENTRY--TOPICAL TERM
Topical term or geographic name entry element Bheel (people)
9 (RLIN) 3779
651 #0 - SUBJECT ADDED ENTRY--GEOGRAPHIC NAME
Geographic name Bombay (India : State)
General subdivision Social life and customs.
9 (RLIN) 3780
942 ## - ADDED ENTRY ELEMENTS (KOHA)
Source of classification or shelving scheme Dewey Decimal Classification
Koha item type Books
948 ## - LOCAL PROCESSING INFORMATION (OCLC); SERIES PART DESIGNATOR (RLIN)
Series part designator, SPT (RLIN) RECON
Holdings
Withdrawn status Lost status Source of classification or shelving scheme Damaged status Not for loan Home library Current Library Shelving location Date acquired Total checkouts Full call number Barcode Date last seen Copy number Price effective from Koha item type
    Dewey Decimal Classification     GRACE BIBLE COLLEGE GRACE BIBLE COLLEGE Ministry & Mission 2017-07-18   266.2354 BLA 002276 2025-05-01 c.1 2017-07-18 Books
© Grace Bible College Library 2025